Statistics for Big Mac Index 2015

Click here to take the quiz!

General Stats

  • This quiz has been taken 46 times
  • The average score is 10 of 19

Answer Stats

Working Time (min)ContinentCities% Correct
12EuropeLondon
93%
11North AmericaLos Angeles
86%
11North AmericaNew York City
86%
10AsiaTokyo
79%
13EuropeBerlin
74%
11OceaniaSydney
74%
9AsiaHong Kong
69%
13OceaniaAuckland
57%
11North AmericaChicago
55%
11EuropeZurich
55%
13EuropeMunich
45%
11North AmericaMiami
38%
12EuropeVienna
36%
11EuropeGeneva
33%
13North AmericaMontreal
33%
13AsiaTaipei
33%
13EuropeFrankfurt
29%
10EuropeLuxembourg
29%
11EurasiaNicosia
19%

Score Distribution

Percentile by Number Answered

Percent of People with Each Score

Your Score History

You have not taken this quiz